Engagement: Zeitschrift für Erziehung und Schule
| Corporate Authors: | ; |
|---|---|
| Format: | Print Journal |
| Language: | German |
| Subito Delivery Service: | Order now. |
| Check availability: | HBZ Gateway |
| WorldCat: | WorldCat |
| Interlibrary Loan: | Für eine Fernleihe wählen Sie bitte zuerst einen Band oder Aufsatz aus. |
| Published: |
Göttingen
Vandenhoeck & Ruprecht
1976-
Bonn Zentralstelle Bildung der Dt. Bischofskonferenz 1976-1981 Münster Aschendorff Verlag früher |
| In: | Year: 1976 |
| Volumes / Articles: | Show volumes/articles. |
| Standardized Subjects / Keyword chains: | B
Catholic school
B Catholic upbringing |
| Further subjects: | B
Journal
|
| Parallel Edition: | Electronic
|
MARC
| LEADER | 00000cas a2200000 c 4500 | ||
|---|---|---|---|
| 001 | 167931830 | ||
| 003 | DE-627 | ||
| 005 | 20251222202951.0 | ||
| 007 | tu | ||
| 008 | 941031c19769999gw f| p| 0 |0ger c | ||
| 015 | |a 07,A28,0861 |2 dnb | ||
| 016 | 7 | |a 013503960 |2 DE-101 | |
| 016 | 7 | |a 607159-4 |2 DE-600 | |
| 022 | |a 0723-3507 | ||
| 035 | |a (DE-627)167931830 | ||
| 035 | |a (DE-603)047932902 | ||
| 035 | |a (DE-576)015906469 | ||
| 035 | |a (DE-599)ZDB607159-4 | ||
| 035 | |a (OCoLC)243425297 | ||
| 035 | |a (DE-615)00252696 | ||
| 040 | |a DE-627 |b ger |c DE-627 |e rakwb | ||
| 041 | |a ger | ||
| 044 | |c XA-DE | ||
| 082 | 0 | |a 371.071205 |q DE-101 |2 22/ger | |
| 082 | 0 | 4 | |a 370 |a 230 |q DE-101 |
| 082 | 0 | 4 | |a 230 |q DE-600 |
| 084 | |a 5,3 |a 1 |2 ssgn | ||
| 084 | |a 11.70 |2 bkl | ||
| 084 | |a 81.90 |2 bkl | ||
| 222 | 0 | |a Engagement | |
| 245 | 0 | 0 | |a Engagement |b Zeitschrift für Erziehung und Schule |c hrsg. vom Arbeitskreis Katholischer Schulen in Freier Trägerschaft in der Bundesrepublik Deutschland |
| 264 | 3 | 1 | |a Göttingen |b Vandenhoeck & Ruprecht |c 1976- |
| 264 | 1 | |a Bonn |b Zentralstelle Bildung der Dt. Bischofskonferenz |c 1976-1981 | |
| 264 | 2 | 1 | |a Münster |b Aschendorff Verlag |c früher |
| 300 | |c 25 cm | ||
| 336 | |a Text |b txt |2 rdacontent | ||
| 337 | |a ohne Hilfsmittel zu benutzen |b n |2 rdamedia | ||
| 338 | |a Band |b nc |2 rdacarrier | ||
| 362 | 0 | |a 1976,1(Juni) - 1981; [1.]1983 - [31.]2013; 32.2014 - | |
| 363 | 0 | 1 | |a 1 |i 1976 |
| 363 | 1 | 0 | |i 1981 |a 31 |
| 500 | |a Urh. bis 1981: Zentralstelle für Bildung der Deutschen Bischofskonferenz; beteil. Körp. anfangs: Arbeitskreis Katholischer Schulen in Freier Trägerschaft in der Bundesrepublik Deutschland und in Berlin (West) | ||
| 515 | |a 1982 und Jahrgang 39, Heft 4 (2021) nicht erschienen | ||
| 583 | 1 | |a Archivierung/Langzeitarchivierung gewährleistet |c 2020 |f PENW |2 pdager |5 DE-5 | |
| 583 | 1 | |3 1993,2/3 |a Archivierung/Langzeitarchivierung gewährleistet |c 2022 |f SLG |z Buchnachlass |2 pdager |5 DE-25 | |
| 583 | 1 | |3 1993,2/3 |a Archivierung/Langzeitarchivierung gewährleistet |c 2023 |f SLG |z Provenienz |2 pdager |5 DE-25 | |
| 601 | |a Engagement | ||
| 601 | |a Zeitschrift | ||
| 655 | 7 | |a Zeitschrift |0 (DE-588)4067488-5 |0 (DE-627)10454466X |0 (DE-576)20917000X |2 gnd-content | |
| 689 | 0 | 0 | |d s |0 (DE-588)4130061-0 |0 (DE-627)104116536 |0 (DE-576)209615761 |2 gnd |a Katholische Schule |
| 689 | 0 | |5 DE-101 | |
| 689 | 1 | 0 | |d s |0 (DE-588)4163459-7 |0 (DE-627)104597658 |0 (DE-576)209881178 |2 gnd |a Katholische Erziehung |
| 689 | 1 | |5 DE-101 | |
| 710 | 2 | |e Herausgebendes Organ |0 (DE-588)2046239-6 |0 (DE-627)102901457 |0 (DE-576)191951331 |4 isb |a Deutsche Bischofskonferenz |b Zentralstelle für Bildung | |
| 710 | 2 | |e Herausgebendes Organ |0 (DE-588)2069528-7 |0 (DE-627)103699600 |0 (DE-576)192141066 |4 isb |a Arbeitskreis Katholische Schulen in Freier Trägerschaft | |
| 776 | 1 | |x 2751-6644 | |
| 776 | 0 | 8 | |i Erscheint auch als |n Online-Ausgabe |t Engagement |d Göttingen : Vandenhoeck & Ruprecht, 1983 |h Online-Ressource |w (DE-627)1699003785 |w (DE-600)3024462-6 |x 2751-6644 |k Electronic |
| 935 | |a mteo | ||
| 936 | b | k | |a 11.70 |
| 936 | b | k | |a 81.90 |j Alternative Schulformen |j Privatschulen |0 (DE-627)106414895 |
| 938 | 1 | 0 | |0 (DE-627)175622806X |0 (DE-615)6605820 |a Katholische Kirche |2 fivt |
| 951 | |a JT | ||
| ACO | |a 1 | ||
| CAN | |a 1 | ||
| ELC | |b 1 | ||
| ITA | |a 1 | ||
| LOK | |0 000 xxxxxcy a22 3n 4500 | ||
| LOK | |0 001 2119075956 | ||
| LOK | |0 003 DE-627 | ||
| LOK | |0 004 167931830 | ||
| LOK | |0 005 20240418113345 | ||
| LOK | |0 008 880930||||||||||||||||ger||||||| | ||
| LOK | |0 035 |a (DE-600)033227012 | ||
| LOK | |0 040 |a DE-21-35 |c DE-627 |d DE-21-35 | ||
| LOK | |0 092 |o n | ||
| LOK | |0 852 |8 1 | ||
| LOK | |0 852 |a DE-21-35 | ||
| LOK | |0 852 1 |c Zk 143 |9 00 | ||
| LOK | |0 85901 |8 1.1 |i 1983 | ||
| LOK | |0 86630 |a 1983 - |z [N=39.2021,4] | ||
| LOK | |0 939 |a 16-12-99 |b z01 | ||
| LOK | |0 000 xxxxxcx a22 zn 4500 | ||
| LOK | |0 001 2119075964 | ||
| LOK | |0 003 DE-627 | ||
| LOK | |0 004 167931830 | ||
| LOK | |0 005 20101012100817 | ||
| LOK | |0 008 910606||||||||||||||||ger||||||| | ||
| LOK | |0 040 |a DE-21-35 |c DE-627 |d DE-21-35 | ||
| LOK | |0 852 |z Bestand: 1983 - [Ältere Jahrgänge im Magazin] | ||
| LOK | |0 852 |a DE-21-35 | ||
| LOK | |0 852 1 |c Zk 143 |m p |9 00 | ||
| LOK | |0 935 |a ALKV |a kneu |a abok | ||
| LOK | |0 938 |k p | ||
| LOK | |0 939 |a 06-06-91 |b l01 | ||
| LOK | |0 000 xxxxxcx a22 zn 4500 | ||
| LOK | |0 001 2519736623 | ||
| LOK | |0 003 DE-627 | ||
| LOK | |0 004 167931830 | ||
| LOK | |0 005 20061106112850 | ||
| LOK | |0 008 061106||||||||||||||||ger||||||| | ||
| LOK | |0 040 |a DE-21-43 |c DE-627 |d DE-21-43 | ||
| LOK | |0 852 |a DE-21-43 | ||
| LOK | |0 852 1 |m p |9 00 | ||
| LOK | |0 935 |a k043 |a j043 |a kneu | ||
| LOK | |0 938 |k p | ||
| LOK | |0 939 |a 06-11-06 |b l01 | ||
| ORI | |a TA-MARC-ixtheob001.raw | ||
| REL | |a 1 | ||
| SPR | |a 1 |t CAN |t IXT |t REL | ||
| STA | 0 | 0 | |a Catholic school,School,Catholic upbringing,Catholic education |
| STB | 0 | 0 | |a École catholique,Éducation catholique |
| STC | 0 | 0 | |a Educación católica,Escuela católica |
| STD | 0 | 0 | |a Educazione cattolica,Scuola cattolica |
| STE | 0 | 0 | |a 天主教学校,天主教教育 |
| STF | 0 | 0 | |a 天主教學校,天主教教育 |
| STG | 0 | 0 | |a Educação católica,Escola católica |
| STH | 0 | 0 | |a Католическая школа,Католическое воспитание |
| STI | 0 | 0 | |a Καθολική ανατροφή,Καθολικό σχολείο |
| SUB | |a CAN |a REL | ||
| SYG | 0 | 0 | |a Katholische Kirche,Katholische Privatschule,Katholische Schulen , Christliche Erziehung |



